Fr. Conceicao Rodrigues College of Engineering

Illustrated science & invention encyclopaedia (Record no. 18283)

MARC details
000 -LEADER
fixed length control field 00345nam a2200157Ia 4500
082 ## - DEWEY DECIMAL CLASSIFICATION NUMBER
Classification number 503
100 ## - MAIN ENTRY--PERSONAL NAME
Personal name None
245 ## - TITLE STATEMENT
Title Illustrated science & invention encyclopaedia
260 ## - PUBLICATION, DISTRIBUTION, ETC.
Name of publisher, distributor, etc. H.S.Stuttman & co.
Place of publication, distribution, etc. New York
Date of publication, distribution, etc. 1977
300 ## - PHYSICAL DESCRIPTION
Extent 128
490 ## - SERIES STATEMENT
Volume/sequential designation 1
546 ## - LANGUAGE NOTE
Language note ENGLISH
650 ## - SUBJECT ADDED ENTRY--TOPICAL TERM
Topical term or geographic name entry element General
654 ## - SUBJECT ADDED ENTRY--FACETED TOPICAL TERMS
Focus term Encyclopaedia
942 ## - ADDED ENTRY ELEMENTS (KOHA)
Koha item type Reference Book
Holdings
Withdrawn status Lost status Damaged status Not for loan Collection Home library Current library Shelving location Date acquired Cost, normal purchase price Inventory number Total Checkouts Full call number Barcode Date last seen Cost, replacement price Price effective from Koha item type
        AFT Fr. Agnel's C.Rodrigues College of Engineering Fr. Agnel's C.Rodrigues College of Engineering   17/03/2023 1000.00 kbc/6451   503 AFT2234 17/03/2023 1000.00 17/03/2023 Reference Book